|
003 -Nazwa inst., której nr kontr. jest w polu 001 [,]
|
-
- @
- Nazwa instytucji, której n kontrolny jest w polu 001
- NUKAT
|
|
005 -DATA I CZAS OSTATNIEJ MODYFIKACJI [,]
|
-
- @
- pole kontrolne
- 20241231090536.0
|
|
020 -Międzynarod. znormalizowany nr książki - ISBN [ , ]
|
-
- z
- Błędny ISBN (P)
- 9788372527142
|
|
040 -Instytucja sporządzająca opis [ , ]
|
-
- a
- Instytucja, która sporządziła opis (NP)
- KR 7/MN
-
- c
- Instytucja, która sporządziła rekord (NP)
- KR 7/MN
-
- d
- Instytucja, która zmodyfikowała rekord (P)
- KR 7/AK
-
- d
- Instytucja, która zmodyfikowała rekord (P)
- KR 7/HTs
-
- d
- Instytucja, która zmodyfikowała rekord (P)
- KAT 001/UEwp
-
- d
- Instytucja, która zmodyfikowała rekord (P)
- POZN U/HAs
-
- d
- Instytucja, która zmodyfikowała rekord (P)
- TOR U/ENs
|
|
942 -Rodzaj dokumentu [ , ]
|
-
- c
- Rodzaj dokumentu
- Książka
|
|
245 -Strefa tytułu i oznaczenia odpowiedzialności [1,0]
|
-
- a
- Tytuł
- Małe banki i instytucje okołobankowe w świetle pokryzysowych regulacji /
-
- c
- Pozostałe elementy strefy tytułu i oznaczenia odpowiedzialności (NP)
- pod redakcją Ewy Miklaszewskiej ; [autorzy Mateusz Folwarski, Marcin Idzik, Aleksandra Jurkowska, Piotr Karaś, Krzysztof Kil, Katarzyna Kochaniak, Ewa Miklaszewska, Katarzyna Mikołajczyk, Paweł Piskorz, Jan Pyś, Jan K. Solarz, Igor Styn, Daniel Fernández Vecilla, Paul Wachtel].
|
|
260 -Strefa adresu wydawniczego [ , ]
|
-
- a
- Miejsce wydania (P)
- Kraków :
-
- b
- Nazwa wydawcy (P)
- Wydawnictwo Uniwersytetu Ekonomicznego,
-
|
|
700 -Hasło dodatkowe - nazwa osobowa [1, ]
|
-
- a
- Nazwa osobowa (NP)
- Miklaszewska, Ewa
-
- d
- Daty biograficzne (NP)
- (1956- ).
-
- e
- Określenie rodzaju współpracy
- Red.
-
|
|
700 -Hasło dodatkowe - nazwa osobowa [1, ]
|
-
- a
- Nazwa osobowa (NP)
- Idzik, Marcin
-
- d
- Daty biograficzne (NP)
- (1974- ).
-
|
|
700 -Hasło dodatkowe - nazwa osobowa [1, ]
|
-
- a
- Nazwa osobowa (NP)
- Jurkowska, Aleksandra.
-
|
|
700 -Hasło dodatkowe - nazwa osobowa [1, ]
|
-
- a
- Nazwa osobowa (NP)
- Karaś, Piotr.
-
|
|
700 -Hasło dodatkowe - nazwa osobowa [1, ]
|
-
- a
- Nazwa osobowa (NP)
- Kil, Krzysztof.
-
|
|
700 -Hasło dodatkowe - nazwa osobowa [1, ]
|
-
- a
- Nazwa osobowa (NP)
- Kochaniak, Katarzyna.
-
|
|
700 -Hasło dodatkowe - nazwa osobowa [1, ]
|
-
- a
- Nazwa osobowa (NP)
- Mikołajczyk, Katarzyna.
-
|
|
700 -Hasło dodatkowe - nazwa osobowa [1, ]
|
-
- a
- Nazwa osobowa (NP)
- Piskorz, Paweł
-
- c
- Dopowiedzenie inne niż daty biograficzne (NP)
- (finanse).
-
|
|
700 -Hasło dodatkowe - nazwa osobowa [1, ]
|
-
- a
- Nazwa osobowa (NP)
- Pyś, Jan.
-
|
|
700 -Hasło dodatkowe - nazwa osobowa [1, ]
|
-
- a
- Nazwa osobowa (NP)
- Solarz, Jan Krzysztof.
-
|
|
700 -Hasło dodatkowe - nazwa osobowa [1, ]
|
-
- a
- Nazwa osobowa (NP)
- Styn, Igor.
-
|
|
700 -Hasło dodatkowe - nazwa osobowa [1, ]
|
-
- a
- Nazwa osobowa (NP)
- Vecilla, Daniel Fernández.
-
|
|
700 -Hasło dodatkowe - nazwa osobowa [1, ]
|
-
- a
- Nazwa osobowa (NP)
- Wachtel, Paul
-
- d
- Daty biograficzne (NP)
- (1945- ).
-
|
|
710 -Hasło dodatkowe - nazwa ciała zbiorowego [2, ]
|
-
- a
- Nazwa ciała zbiorowego lub nazwa geograficzna jako pierwszy element (NP)
- Uniwersytet Ekonomiczny (Kraków).
-
- b
- Nazwa jednostki podrzędnej (P)
- Wydawnictwo.
-
-
|